आज़ाद हिन्द फौज की कहानी (Record no. 119196)

MARC details
000 -LEADER
fixed length control field 01167nam a22002657a 4500
005 - DATE AND TIME OF LATEST TRANSACTION
control field 20170124103129.0
010 ## - LIBRARY OF CONGRESS CONTROL NUMBER
LC control number 946116
020 ## - INTERNATIONAL STANDARD BOOK NUMBER
Terms of availability 60.00
035 ## - SYSTEM CONTROL NUMBER
System control number 946116
037 ## - SOURCE OF ACQUISITION
Source of stock number/acquisition Cen Lib/Ret
040 ## - CATALOGING SOURCE
Original cataloging agency DPL
Language of cataloging HN
082 ## - DEWEY DECIMAL CLASSIFICATION NUMBER
Classification number 954.0841
Item number अय्यर
100 ## - MAIN ENTRY--PERSONAL NAME
Personal name अमर सिंह
9 (RLIN) 2233
245 ## - TITLE STATEMENT
Title आज़ाद हिन्द फौज की कहानी
Statement of responsibility, etc एस.ए. अय्यर
246 ## - VARYING FORM OF TITLE
Title proper/short title Aazad hind fouz ki kahani
Remainder of title by S.A. Ayyar
260 ## - PUBLICATION, DISTRIBUTION, ETC. (IMPRINT)
Place of publication, distribution, etc नई दिल्ली
Name of publisher, distributor, etc नेशनल बुक ट्रस्ट
Date of publication, distribution, etc 1978
270 ## - ADDRESS
Address ए-5,ग्रीन पार्क
City नई दिल्ली
Postal code 110016
300 ## - PHYSICAL DESCRIPTION
Extent 108पृष्ठ. :
Dimensions 20सेमी(सजिल्द)
Other physical details चित्र.
500 ## - GENERAL NOTE
General note सन्दर्भ ग्रन्थ सूची शामिल
650 ## - SUBJECT ADDED ENTRY--TOPICAL TERM
Topical term or geographic name as entry element भारतीय इतिहास
9 (RLIN) 108882
650 ## - SUBJECT ADDED ENTRY--TOPICAL TERM
Topical term or geographic name as entry element प्रथम आज़ाद हिन्द फौज की स्थापना
9 (RLIN) 83785
650 ## - SUBJECT ADDED ENTRY--TOPICAL TERM
Topical term or geographic name as entry element Indian history
9 (RLIN) 108883
650 ## - SUBJECT ADDED ENTRY--TOPICAL TERM
Topical term or geographic name as entry element Azad Hind Legion first set
9 (RLIN) 83787
942 ## - ADDED ENTRY ELEMENTS (KOHA)
Source of classification or shelving scheme Dewey Decimal Classification
Koha item type Hindi Books
Classification part 954.0841
Call number suffix अय्यर
Holdings
Withdrawn status Lost status Damaged status Not for loan Home library Current library Date acquired Source of acquisition Cost, normal purchase price Total Checkouts Full call number Barcode Date last seen Copy number Cost, replacement price Price effective from Koha item type
        Central Library Central Library 15/09/2015 Cen Lib/Ret 60.00   954.0841 अय्यर 946116 15/09/2015 1 60.00 15/09/2016 Hindi Books

© Delhi Public Library
Hit Counter
free hit counter